Geography Quiz

Random Geography or World Quiz

La La Lands - Countries With 'LA' Quiz Stats

 Plays Quiz Updated Jul 2, 2018

Also try: 'I' Countries
Challenge
Share
Tweet
Embed
Score 0/22 Timer 05:00
6 Plays Today
Country % Correct
Iceland
77.3%
Latvia
77.1%
Finland
74.7%
Ireland
74.6%
New Zealand
66.7%
Poland
66.3%
Switzerland
66.1%
Laos
65.6%
Thailand
62.1%
Netherlands
57.1%
Angola
52.9%
Country % Correct
Venezuela
51.9%
Malaysia
51%
Guatemala
49.9%
Belarus
43.5%
Malawi
40.5%
Bangladesh
38.4%
Sri Lanka
37.3%
Marshall Islands
37.1%
Palau
37%
Solomon Islands
34.3%
Central African Republic
21.3%

You're not logged in!

Compare scores with friends on all Sporcle quizzes.
OR
Log In

You Might Also Like...

Show Comments

Extras

Top Quizzes Today


Score Distribution

Your Account Isn't Verified!

In order to create a playlist on Sporcle, you need to verify the email address you used during registration. Go to your Sporcle Settings to finish the process.

Report this User

Report this user for behavior that violates our Community Guidelines.

Details: